実存主義 - Statistics

General Stats
  • This quiz has been taken 5 times
  • The average score is 8 of 15
Answer Stats
先駆者 a(デンマーク)
実存の三段階
 1:享楽にふける
 2:道徳に生きる
 3:神の前の単独者

b(ドイツ)
人間は自己の存在を問いながら生きていくことができる4
人間はただ投げ出されるようにして存在している5,6
しかしこのような状態は、人間を日常に埋没した漫然とした生き方に導いてしまう
こうした人間を7という
人間は8を意識することでこうした状態から抜け出せる

c(フランス)
人間は、道具と違って9
しかしそれは多くの難しさや悩みをもたらす10
人間は自分の定義を自分で決める11
→そのための方針12
Answer % Correct
a キルケゴール
75%
c サルトル
75%
1 美的実存
75%
b ハイデッガー
50%
2 倫理的実存
50%
3 宗教的実存
50%
4 現存在
50%
6 世界内存在
50%
8
50%
9 実存は本質に先立つ
50%
10 人間は自由の刑に処されている
50%
12 アンガジュマン
50%
7 das Man
50%
5 被投性
25%
11 人間は自らつくったところのものとなる
0%
No matching quizzes found
Score Distribution
Percent of People with Each Score
Percentile by Number Answered
Your Score History
You have not taken this quiz